000 00858nam a2200253Ia 4500
003 OSt
005 20220923224531.0
006 a|||||r|||| 00| 0
007 ta
008 Pun
020 _c140
024 _a240,355
037 _b7501/6, 19/11/2009, Arsee Publishers
_cTextual
040 _aARTS
_cARTS
_bPun
041 _2Pun
_aPun
082 _aO153,2:gN, P9
100 _aਕੌਰ, ਲਖਵਿੰਦਰ ਜੀਤ
245 0 _aਵੀਹਵੀ੍ਵ ਸਦੀ ਦੇ ਪ੍ਰਮੁੱਖ ਪੰਜਾਬੀ ਨਾਟਕ
260 _aਜਲੰਧਰ
_b ਸੁੰਦਰ ਬੁੱਕ ਡਿਪੋ
_c2009
300 _a126ਪੰ
_ccm.
650 _aਪੰਜਾਬੀ ਸਾਹਿਤ
942 _hO153,2:gN, P9
_cTEXL
_2CC
999 _c372038
_d372038